| 000 | 00456nam a22001457a 4500 | ||
|---|---|---|---|
| 020 | _a9694741025 | ||
| 040 | _cNUST | ||
| 082 |
_221st. _a297.122 _bSID |
||
| 100 |
_aصدیقی,ڈاکٹر محمد میاں _9129329 |
||
| 245 | _aفرہنگ اصطلاحات قرآن / | ||
| 260 |
_aپاکستان: _bمقتدرہ قومی زبان, _cc2003 |
||
| 300 |
_aط,206p. _c26cm. |
||
| 440 |
_aفرہنگ اصطلاحات قرآن / _9129330 |
||
| 942 |
_2ddc _cBK |
||
| 999 |
_c614032 _d614032 |
||